[Event "CCT Chessable Masters Play-In 2025"]
[Site "Online"]
[Date "2025.02.17"]
[Round "9.3"]
[White "Niemann, Hans Moke"]
[Black "Lazavik, Denis"]
[Result "1/2-1/2"]
[WhiteElo "2734"]
[BlackElo "2572"]
[PlyCount "197"]
[EventDate "2025.02.13"]
[EventType "swiss"]
[EventCountry "NET"]

1. e4 e5 2. Nf3 Nc6 3. Bc4 Nf6 4. d3 Be7 5. O-O O-O 6. Re1 d6 7. Nbd2 Na5 8. Bb3 h6 9. Nf1 Nxb3 10. axb3 Re8 11. d4 exd4 12. Nxd4 Bf8 13. Ng3 g6 14. f3 Bd7 15. c4 Bg7 16. Be3 a6 17. Qd2 Kh7 18. b4 Qe7 19. Rad1 Rad8 20. Nde2 b5 21. b3 bxc4 22. bxc4 Be6 23. Nd4 Bd7 24. Nb3 Ba4 25. Rb1 Bxb3 26. Rxb3 c5 27. Rd1 cxb4 28. Rxb4 Rc8 29. Rb6 Rxc4 30. Qxd6 a5 31. Ra6 a4 32. Qxe7 Rxe7 33. Rd4 Rc3 34. Kf2 Rc2+ 35. Rd2 Rxd2+ 36. Bxd2 Rb7 37. Rxa4 Rb2 38. Ke2 h5 39. Rb4 Ra2 40. Nf1 Bh6 41. Rb7 Bxd2 42. Nxd2 Kg7 43. h4 Nh7 44. Ke3 Ra3+ 45. Kf4 Rc3 46. e5 Nf8 47. Ne4 Ne6+ 48. Kg3 Rc7 49. Rxc7 Nxc7 50. Nd6 f6 51. Kf4 Ne6+ 52. Ke4 fxe5 53. Kxe5 Nc5 54. g3 Nd3+ 55. Ke4 Nc5+ 56. Kd4 Nb3+ 57. Ke5 Nd2 58. Kf4 Nb3 59. Ne4 Nd4 60. Ke3 Nf5+ 61. Kf4 Nd4 62. Ke3 Nf5+ 63. Kd3 Kf7 64. Ke2 Nd4+ 65. Kf2 Nf5 66. Nc5 Kf6 67. Ne4+ Kf7 68. Ng5+ Kf6 69. Nh3 Kf7 70. g4 hxg4 71. fxg4 Nd4 72. Ke3 Nc6 73. Ke4 Kf6 74. Nf4 Kf7 75. Nd3 Kf6 76. Nc5 Kf7 77. Kd5 Nb4+ 78. Ke5 Nc6+ 79. Kf4 Kf6 80. Ne4+ Kg7 81. Nf2 Kf6 82. Nd3 g5+ 83. hxg5+ Kg6 84. Nf2 Nd4 85. Kg3 Kxg5 86. Ne4+ Kg6 87. Kf4 Ne6+ 88. Kf3 Ng5+ 89. Nxg5 Kxg5 90. Kg3 Kg6 91. Kf4 Kf6 92. g5+ Kg6 93. Kg4 Kg7 94. Kf5 Kf7 95. g6+ Kg7 96. Kg5 Kg8 97. Kf6 Kf8 98. g7+ Kg8 99. Kg6 1/2-1/2

[Event "CCT Chessable Masters Play-In 2025"]
[Site "Online"]
[Date "2025.02.17"]
[Round "9.4"]
[White "Lu, Shanglei"]
[Black "Nihal Sarin"]
[Result "1-0"]
[WhiteElo "2618"]
[BlackElo "2687"]
[PlyCount "71"]
[EventDate "2025.02.13"]
[EventType "swiss"]
[EventCountry "NET"]

1. e4 e5 2. Nf3 Nc6 3. Bc4 Bc5 4. c3 Nf6 5. d3 d6 6. b4 Bb6 7. a4 a5 8. b5 Ne7 9. O-O Ng6 10. Nbd2 O-O 11. Re1 Nh5 12. Nf1 Nhf4 13. Be3 Bg4 14. Bxb6 Nxg2 15. Kxg2 cxb6 16. N1d2 Qf6 17. Kh1 Nh4 18. Re3 Kh8 19. d4 Qh6 20. Be2 exd4 21. Nxd4 Be6 22. N2f3 Ng6 23. Qg1 Rac8 24. Qg5 Qxg5 25. Nxg5 Nf4 26. Ngxe6 fxe6 27. Bg4 Rf6 28. Ne2 Nxe2 29. Bxe2 Rxf2 30. Rd1 Rd8 31. Kg1 Rf6 32. e5 Rg6+ 33. Rg3 Rxg3+ 34. hxg3 d5 35. c4 d4 36. Bg4 1-0

[Event "CCT Chessable Masters Play-In 2025"]
[Site "Online"]
[Date "2025.02.17"]
[Round "9.5"]
[White "Yu, Yangyi"]
[Black "Mamedov, Rauf"]
[Result "1-0"]
[WhiteElo "2715"]
[BlackElo "2656"]
[PlyCount "135"]
[EventDate "2025.02.13"]
[EventType "swiss"]
[EventCountry "NET"]

1. e4 e5 2. Nf3 Nf6 3. d4 exd4 4. e5 Ne4 5. Qxd4 d5 6. exd6 Nxd6 7. Nc3 Nc6 8. Qa4 Bd7 9. Bd2 Be7 10. O-O-O O-O 11. Qf4 Re8 12. Bd3 Bf6 13. Nd5 Be6 14. Nxf6+ Qxf6 15. Qxf6 gxf6 16. Bf4 Rad8 17. a3 Kg7 18. h3 Bd5 19. Rhe1 Bxf3 20. gxf3 Ne5 21. Re3 Re7 22. Kb1 Rde8 23. Rg1+ Kh8 24. Bh6 Rg8 25. Rg3 Ng6 26. Rxe7 Nxe7 27. Be3 Nc6 28. f4 Re8 29. Rg1 h6 30. b4 a6 31. Kb2 Rd8 32. Bc5 Nb5 33. Be4 Nd6 34. Bd5 Rd7 35. Bxd6 cxd6 36. c4 Nb8 37. Re1 Kg7 38. Re8 Nc6 39. Kc3 Ne7 40. Kd4 b5 41. Ra8 bxc4 42. Bxc4 d5 43. Bxa6 Nf5+ 44. Kd3 Rc7 45. b5 Rc1 46. b6 Nd6 47. b7 Nxb7 48. Bxb7 Rd1+ 49. Ke2 Rd4 50. f5 Re4+ 51. Kf1 Rd4 52. a4 Rd1+ 53. Ke2 Rb1 54. Bxd5 Rb2+ 55. Ke3 h5 56. a5 Rb5 57. Kd4 Rb4+ 58. Bc4 Rb2 59. a6 Rd2+ 60. Kc5 Rd1 61. a7 Ra1 62. Kb6 Rb1+ 63. Bb5 Rd1 64. Rc8 h4 65. a8=Q Kh6 66. f4 Rd6+ 67. Kc5 Rd8 68. Rxd8 1-0

[Event "CCT Chessable Masters Play-In 2025"]
[Site "Online"]
[Date "2025.02.17"]
[Round "9.7"]
[White "Aravindh, Chithambaram VR."]
[Black "Vokhidov, Shamsiddin"]
[Result "1-0"]
[WhiteElo "2729"]
[BlackElo "2670"]
[PlyCount "139"]
[EventDate "2025.02.13"]
[EventType "swiss"]
[EventCountry "NET"]

1. Nf3 Nf6 2. g3 e6 3. Bg2 d5 4. O-O Be7 5. c4 O-O 6. cxd5 exd5 7. b3 c6 8. Bb2 a5 9. d3 Re8 10. a3 h6 11. Nbd2 Na6 12. Qc2 Bf5 13. Rfe1 Bh7 14. Rad1 Qb6 15. e4 Bc5 16. Re2 Rad8 17. Rf1 Nc7 18. Bxf6 gxf6 19. Qb2 Kg7 20. Nh4 Nb5 21. Nb1 Nd4 22. Ree1 Qxb3 23. Qd2 dxe4 24. Qf4 exd3 25. Nd2 Qb2 26. Kh1 Ne2 27. Qg4+ Kh8 28. Ne4 Qe5 29. f4 Qe7 30. Nf5 Bxf5 31. Qxf5 Bd4 32. Rd1 Qe6 33. Qh5 Kg7 34. f5 Qc4 35. Qg4+ Kh8 36. Nxf6 Qc3 37. Nxe8 Rxe8 38. f6 Bxf6 39. Qf5 Kg7 40. Rxd3 Qe5 41. Qf3 Qg5 42. Rd7 Qg6 43. Rxb7 Nd4 44. Qf4 Re2 45. Rd7 Ne6 46. Qc4 Qc2 47. Qg4+ Ng5 48. Qf4 Qc3 49. Rc7 Re6 50. Qf5 Rd6 51. h4 Ne6 52. Qg4+ Kf8 53. Rc8+ Ke7 54. Qf5 Rd8 55. Rxd8 Nxd8 56. Qf3 Qc5 57. Qe4+ Be5 58. Rf3 f6 59. Kh2 Nf7 60. Qg4 Qd6 61. Re3 Nd8 62. Bh3 Nf7 63. Re2 Qd3 64. Qe6+ Kf8 65. Rg2 Kg7 66. Qg4+ Kf8 67. Qf5 Qd6 68. Qg6 Qe7 69. Be6 Nd8 70. Qg8# 1-0

[Event "CCT Chessable Masters Play-In 2025"]
[Site "Online"]
[Date "2025.02.17"]
[Round "9.8"]
[White "Artemiev, Vladislav"]
[Black "Bortnyk, Olexandr"]
[Result "1-0"]
[WhiteElo "2691"]
[BlackElo "2601"]
[PlyCount "55"]
[EventDate "2025.02.13"]
[EventType "swiss"]
[EventCountry "NET"]

1. Nf3 Nf6 2. c4 b6 3. d4 Bb7 4. Nc3 g6 5. d5 d6 6. e4 Nbd7 7. Be2 e5 8. Be3 h5 9. Ng5 a5 10. a3 h4 11. b4 Bh6 12. O-O Nh5 13. Ne6 fxe6 14. Bxh5 Nf8 15. Bg4 Bc8 16. Qd2 Bxe3 17. fxe3 axb4 18. axb4 Rxa1 19. Rxa1 Bd7 20. Qf2 exd5 21. Rf1 Qg5 22. Qf7+ Kd8 23. Qg7 Bxg4 24. Qxh8 Kd7 25. Qxf8 Qxe3+ 26. Kh1 Qxc3 27. Rf7+ Kc6 28. Qa8# 1-0

[Event "CCT Chessable Masters Play-In 2025"]
[Site "Online"]
[Date "2025.02.17"]
[Round "9.9"]
[White "Tabatabaei, M. Amin"]
[Black "Sevian, Samuel"]
[Result "0-1"]
[WhiteElo "2666"]
[BlackElo "2692"]
[PlyCount "115"]
[EventDate "2025.02.13"]
[EventType "swiss"]
[EventCountry "NET"]

1. d4 Nf6 2. c4 e6 3. g3 c5 4. d5 exd5 5. cxd5 d6 6. Bg2 g6 7. Nc3 Bg7 8. Nf3 O-O 9. O-O Re8 10. Re1 Na6 11. Nd2 Rb8 12. a4 Nc7 13. Nc4 a6 14. Bf4 Bf8 15. e4 Nh5 16. e5 Nxf4 17. gxf4 Bf5 18. Qd2 b5 19. Na5 Qh4 20. Nc6 Bh6 21. Ne2 dxe5 22. Nxb8 exf4 23. Qc3 Rxb8 24. Qe5 Qd8 25. axb5 axb5 26. Ra7 Ne8 27. Nxf4 Qd6 28. Nh5 Qxe5 29. Rxe5 Nd6 30. Nf6+ Kg7 31. Nd7 Bxd7 32. Rxd7 Bf4 33. Re1 Rc8 34. Bh3 Ra8 35. Bf1 Ra2 36. Rb1 c4 37. Rc7 Be5 38. Rc6 g5 39. Kg2 g4 40. h3 h5 41. hxg4 hxg4 42. Be2 c3 43. Bxg4 Rxb2 44. Re1 Nc4 45. Be2 Na5 46. Rc8 b4 47. Bd3 Bd6 48. Re3 Rd2 49. Rf3 Nb3 50. Rh3 Nc5 51. Rh7+ Kf6 52. Rh6+ Ke7 53. Rc6 Nxd3 54. Rhxd6 c2 55. Rh6 c1=Q 56. d6+ Kd7 57. Rxc1 Nxc1 58. Rg6 0-1

[Event "CCT Chessable Masters Play-In 2025"]
[Site "Online"]
[Date "2025.02.17"]
[Round "9.10"]
[White "Grischuk, Alexander"]
[Black "Sjugirov, Sanan"]
[Result "1-0"]
[WhiteElo "2687"]
[BlackElo "2643"]
[PlyCount "83"]
[EventDate "2025.02.13"]
[EventType "swiss"]
[EventCountry "NET"]

1. e4 e5 2. Nf3 Nc6 3. Bb5 Nf6 4. d3 Bc5 5. Bxc6 dxc6 6. Nbd2 Nd7 7. O-O O-O 8. Nc4 Re8 9. a4 a5 10. Kh1 b6 11. b3 f6 12. Be3 Bb4 13. g4 b5 14. Ncd2 Nf8 15. Rg1 Ng6 16. Qf1 Be6 17. Qh3 Qd7 18. Nh4 Nf4 19. Bxf4 exf4 20. Ndf3 Bc3 21. Rac1 bxa4 22. bxa4 Rab8 23. Nf5 h6 24. N3h4 Rb2 25. d4 Bb4 26. Qf3 Bf8 27. c3 Bf7 28. Rce1 g6 29. Qxf4 g5 30. Qg3 gxh4 31. Qxh4 Qe6 32. Nxh6+ Bxh6 33. Qxh6 Re7 34. f4 Be8 35. f5 Qa2 36. g5 Rxh2+ 37. Qxh2 Rh7 38. gxf6+ Kh8 39. Rg2 Qb3 40. Reg1 Rh5 41. Qxh5+ Bxh5 42. Rh2 1-0

[Event "CCT Chessable Masters Play-In 2025"]
[Site "Online"]
[Date "2025.02.17"]
[Round "9.12"]
[White "Esipenko, Andrey"]
[Black "Sindarov, Javokhir"]
[Result "1-0"]
[WhiteElo "2695"]
[BlackElo "2700"]
[PlyCount "114"]
[EventDate "2025.02.13"]
[EventType "swiss"]
[EventCountry "NET"]

1. e4 c5 2. Nf3 e6 3. c3 d5 4. exd5 exd5 5. d4 Nc6 6. Bb5 Bd6 7. O-O Nge7 8. Re1 O-O 9. dxc5 Bxc5 10. Be3 Bxe3 11. Rxe3 Qb6 12. Na3 Nf5 13. Re2 Rd8 14. Bd3 Nd6 15. h3 h6 16. Qd2 Be6 17. Qf4 Ne4 18. Nc4 Qc5 19. Nce5 Nxe5 20. Nxe5 Nf6 21. Nf3 Qd6 22. Qd4 a6 23. Rae1 Rac8 24. Qa7 Ra8 25. Qd4 Rac8 26. a3 Qc5 27. Qb4 Qc7 28. Nd4 Bd7 29. Nf5 Bxf5 30. Bxf5 Rb8 31. Re7 Qc6 32. Bc2 Re8 33. a4 Rxe7 34. Rxe7 b5 35. Bd3 Qb6 36. axb5 axb5 37. Re1 Rd8 38. Ra1 Rb8 39. Ra5 Qe6 40. Rxb5 Qe1+ 41. Bf1 Rxb5 42. Qxb5 Ne4 43. Qe2 Qc1 44. c4 Nf6 45. cxd5 Qc5 46. Qe5 Qxd5 47. Qxd5 Nxd5 48. g3 Kf8 49. Kg2 Ke7 50. Kf3 Kd6 51. Bc4 Nb4 52. Ke4 f6 53. Kf5 Nc6 54. f4 Ne7+ 55. Ke4 g5 56. b4 Nc6 57. b5 Ke7 1-0

[Event "CCT Chessable Masters Play-In 2025"]
[Site "Online"]
[Date "2025.02.17"]
[Round "9.13"]
[White "Yoo, Christopher Woojin"]
[Black "Narayanan S L"]
[Result "1-0"]
[WhiteElo "2588"]
[BlackElo "2622"]
[PlyCount "81"]
[EventDate "2025.02.13"]
[EventType "swiss"]
[EventCountry "NET"]

1. e4 c6 2. d4 d5 3. exd5 cxd5 4. c4 Nf6 5. Nc3 e6 6. Nf3 Bb4 7. cxd5 Nxd5 8. Bd2 Nc6 9. Bd3 O-O 10. O-O Be7 11. a3 Nf6 12. Be3 b6 13. Qa4 Bb7 14. Rac1 a6 15. Rfd1 b5 16. Qc2 Rc8 17. d5 exd5 18. Bf5 Ra8 19. Nxd5 Nxd5 20. Bxh7+ Kh8 21. Qf5 Bc8 22. Qh5 Nf6 23. Rxd8 Rxd8 24. Qxf7 Nxh7 25. h4 Rf8 26. Qd5 Bb7 27. Rxc6 Rad8 28. Qe6 Bxc6 29. Qxc6 Rd6 30. Qe4 Re8 31. g3 Nf6 32. Qg6 Rf8 33. Ng5 Kg8 34. h5 Bd8 35. h6 Rd7 36. Ne6 Rff7 37. Nxg7 Rxg7 38. hxg7 Rxg7 39. Qf5 Rd7 40. Qe6+ Kg7 41. Bg5 1-0

[Event "CCT Chessable Masters Play-In 2025"]
[Site "Online"]
[Date "2025.02.17"]
[Round "9.14"]
[White "Ma, Qun"]
[Black "Aronian, Levon"]
[Result "0-1"]
[WhiteElo "2645"]
[BlackElo "2745"]
[PlyCount "64"]
[EventDate "2025.02.13"]
[EventType "swiss"]
[EventCountry "NET"]

1. d4 Nf6 2. c4 e6 3. Nf3 c5 4. d5 b5 5. dxe6 fxe6 6. cxb5 d5 7. Nc3 Nbd7 8. e4 Bb7 9. exd5 exd5 10. Bd3 Qe7+ 11. Qe2 d4 12. Na4 Bxf3 13. gxf3 Qxe2+ 14. Bxe2 Bd6 15. Bg5 O-O 16. O-O Nh5 17. Bc4+ Kh8 18. Bd5 Rab8 19. Rae1 Rf5 20. Bh4 Rxd5 21. Bg3 Nxg3 22. hxg3 Re5 23. f4 Rxe1 24. Rxe1 Kg8 25. Re6 Bf8 26. Ra6 Nb6 27. Nxb6 Rxb6 28. Rxa7 Rxb5 29. b3 Rb6 30. Kf1 Re6 31. Rd7 g6 32. Rd5 Ra6 0-1

[Event "CCT Chessable Masters Play-In 2025"]
[Site "Online"]
[Date "2025.02.17"]
[Round "9.15"]
[White "Deac, Bogdan-Daniel"]
[Black "Antipov, Mikhail Al."]
[Result "0-1"]
[WhiteElo "2692"]
[BlackElo "2571"]
[PlyCount "150"]
[EventDate "2025.02.13"]
[EventType "swiss"]
[EventCountry "NET"]

1. Nf3 c5 2. e3 g6 3. d4 cxd4 4. exd4 Bg7 5. Bd3 Nf6 6. O-O O-O 7. Re1 d6 8. h3 b6 9. c4 Nbd7 10. Nc3 Bb7 11. d5 a5 12. Bf4 Nc5 13. Bf1 Qd7 14. Rc1 Rfe8 15. Nd4 Rad8 16. Ndb5 Ba6 17. b3 Qc8 18. Qc2 Nh5 19. Be3 Qd7 20. a3 Bxb5 21. Nxb5 Qb7 22. b4 Nd7 23. Nd4 axb4 24. axb4 Ra8 25. Nc6 Ra3 26. Qd2 Ne5 27. b5 Rea8 28. Bd4 Qc7 29. Rc2 Nxc6 30. dxc6 Bxd4 31. Qxd4 Ng7 32. Rce2 e5 33. Qb2 Ne6 34. Rd2 Nc5 35. g3 Kg7 36. h4 h5 37. Red1 Qe7 38. Bg2 Rb3 39. Qc2 Rd8 40. Qa2 e4 41. Rd5 Qf6 42. c7 Rc8 43. Rxd6 Qc3 44. Rc6 Rb2 45. Qa1 e3 46. Rxc5 bxc5 47. b6 exf2+ 48. Kh2 f1=Q 49. Rxf1 Qc2 50. Rg1 Kh7 51. Qa6 Qf5 52. Qa3 Rxb6 53. Qa7 Rb2 54. Qa5 Re8 55. Qa6 Qc8 56. Qd6 Rbe2 57. Rf1 R2e7 58. Bd5 Rd7 59. Rxf7+ Rxf7 60. Bxf7 Re2+ 61. Kg1 Qf5 62. Qxg6+ Qxg6 63. Bxg6+ Kxg6 64. c8=Q Re1+ 65. Kf2 Ra1 66. Qc6+ Kf7 67. Qd7+ Kf8 68. Qd6+ Kf7 69. Qd5+ Kf8 70. Qf5+ Ke8 71. Qe5+ Kf7 72. Ke3 Kf8 73. Qxa1 Kg8 74. Qa6 Kf7 75. Qc6 Kg8 0-1

[Event "CCT Chessable Masters Play-In 2025"]
[Site "Online"]
[Date "2025.02.17"]
[Round "9.16"]
[White "Nguyen, Ngoc Truong Son"]
[Black "Sargsyan, Shant"]
[Result "0-1"]
[WhiteElo "2632"]
[BlackElo "2660"]
[PlyCount "72"]
[EventDate "2025.02.13"]
[EventType "swiss"]
[EventCountry "NET"]

1. d4 Nf6 2. Nf3 g6 3. Nc3 Bg7 4. e4 d5 5. exd5 Nxd5 6. Bc4 Nxc3 7. bxc3 c5 8. Ng5 O-O 9. h4 h5 10. Qf3 Bf5 11. O-O Nc6 12. Bd3 Bg4 13. Qg3 cxd4 14. c4 Ne5 15. Re1 Nxd3 16. cxd3 e5 17. Ne4 f5 18. Ng5 f4 19. Qh2 Bf6 20. Bd2 Bxg5 21. hxg5 Qxg5 22. Rab1 Bf3 23. Qg3 fxg3 24. Bxg5 gxf2+ 25. Kxf2 Bc6+ 26. Kg3 Rf5 27. Bd2 g5 28. Rf1 Raf8 29. Rxf5 Rxf5 30. Re1 Kf7 31. Bb4 h4+ 32. Kh3 Kf6 33. Re2 Bd7 34. Kh2 g4 35. g3 hxg3+ 36. Kxg3 Rf3+ 0-1

[Event "CCT Chessable Masters Play-In 2025"]
[Site "Online"]
[Date "2025.02.17"]
[Round "9.17"]
[White "Bharath Subramaniyam H"]
[Black "Dubov, Daniil"]
[Result "1-0"]
[WhiteElo "2567"]
[BlackElo "2701"]
[PlyCount "71"]
[EventDate "2025.02.13"]
[EventType "swiss"]
[EventCountry "NET"]

1. e4 c5 2. Nf3 d6 3. d4 cxd4 4. Qxd4 Nc6 5. Qd3 Nf6 6. Nc3 h6 7. Be2 e5 8. O-O Be7 9. Rd1 O-O 10. b3 Be6 11. Bb2 Rc8 12. Rac1 a6 13. a3 b5 14. Qe3 Ng4 15. Qd2 Nf6 16. h3 Re8 17. Qe3 Qc7 18. a4 b4 19. Nd5 Qb7 20. Nxe7+ Nxe7 21. Rxd6 Nc6 22. Nxe5 Nxe5 23. Bxe5 Qxe4 24. Bxa6 Rxc2 25. Rxc2 Qxc2 26. Bxf6 gxf6 27. Bc4 Kg7 28. Qg3+ Kh8 29. Bxe6 fxe6 30. Qf4 Qg6 31. Qxb4 Rg8 32. g3 Qf5 33. Qh4 h5 34. Kg2 Kh7 35. Qc4 Re8 36. Qd3 1-0

[Event "CCT Chessable Masters Play-In 2025"]
[Site "Online"]
[Date "2025.02.17"]
[Round "9.18"]
[White "Theodorou, Nikolas"]
[Black "Meier, Georg"]
[Result "1-0"]
[WhiteElo "2611"]
[BlackElo "2609"]
[PlyCount "169"]
[EventDate "2025.02.13"]
[EventType "swiss"]
[EventCountry "NET"]

1. e4 e6 2. d4 d5 3. exd5 exd5 4. Nf3 Nf6 5. Bd3 Bd6 6. O-O O-O 7. h3 Nc6 8. c3 h6 9. Re1 Re8 10. Rxe8+ Qxe8 11. Nbd2 Ne7 12. Qc2 Bd7 13. a4 Qc8 14. Nf1 Bf5 15. Ne3 Bxd3 16. Qxd3 c6 17. b3 Qe6 18. Ba3 Bxa3 19. Rxa3 Ne4 20. c4 Re8 21. Ra1 Ng6 22. cxd5 cxd5 23. Re1 Nf4 24. Qb5 Re7 25. Ng4 a6 26. Qa5 Qd6 27. Nge5 f6 28. Ng4 Qc7 29. Qxc7 Rxc7 30. Ne3 Rc3 31. Rb1 Kf7 32. h4 Ke6 33. Kf1 Nd3 34. h5 Ndxf2 35. Ke2 Nd3 36. Kf1 Nf4 37. Re1 Rxb3 38. Kg1 b5 39. axb5 axb5 40. Nh4 Nxh5 41. Ng6 b4 42. g4 Nhg3 43. Nf4+ Kd6 44. Nfxd5 Rb2 45. Nf4 Kd7 46. Nd3 Re2 47. Rxe2 Nxe2+ 48. Kg2 b3 49. Kf3 N2c3 50. Nc4 Ke6 51. Na5 Nd2+ 52. Ke3 Nce4 53. Nxb3 Nxb3 54. Nf4+ Kf7 55. Kxe4 g5 56. Nh5 Ke6 57. Ng7+ Ke7 58. Nf5+ Ke6 59. d5+ Kd7 60. Nxh6 Nd2+ 61. Ke3 Nc4+ 62. Ke4 Ne5 63. Kd4 Kc7 64. Kc5 Nd7+ 65. Kd4 Ne5 66. Ke4 Kd7 67. Ke3 Kd6 68. Kd4 Kd7 69. Kc5 Nd3+ 70. Kb5 Ne5 71. Kc5 Nd3+ 72. Kc4 Ne5+ 73. Kc3 Kd6 74. Kd4 Kd7 75. Nf5 Nxg4 76. Ke4 Ne5 77. Kd4 Nf7 78. Kc5 g4 79. Ng3 Nd6 80. Nh5 f5 81. Nf6+ Ke7 82. Ng8+ Kf7 83. Nh6+ Kg6 84. Nxg4 Kg5 85. Ne5 1-0

[Event "CCT Chessable Masters Play-In 2025"]
[Site "Online"]
[Date "2025.02.17"]
[Round "9.19"]
[White "Santos Latasa, Jaime"]
[Black "Azarov, Sergei"]
[Result "1-0"]
[WhiteElo "2631"]
[BlackElo "2596"]
[PlyCount "65"]
[EventDate "2025.02.13"]
[EventType "swiss"]
[EventCountry "NET"]

1. e4 e5 2. Nf3 Nc6 3. Bb5 a6 4. Ba4 Nf6 5. O-O Be7 6. Re1 b5 7. Bb3 O-O 8. h3 Bb7 9. d3 d6 10. Bd2 h6 11. a4 Qd7 12. Nc3 Nd4 13. Nxd4 exd4 14. Ne2 c5 15. Ng3 d5 16. exd5 Nxd5 17. axb5 axb5 18. Rxa8 Bxa8 19. Qh5 Rd8 20. Ba5 Re8 21. Qf5 Qb7 22. Ne4 Rf8 23. Nxc5 Bxc5 24. Bxd5 Qxd5 25. Qxd5 Bxd5 26. Re5 Ra8 27. Rxd5 Be7 28. Rxb5 Rc8 29. c4 dxc3 30. bxc3 Bf6 31. d4 Re8 32. Kf1 Ra8 33. Ke2 1-0

[Event "CCT Chessable Masters Play-In 2025"]
[Site "Online"]
[Date "2025.02.17"]
[Round "9.20"]
[White "Svidler, Peter"]
[Black "Muradli, Mahammad"]
[Result "0-1"]
[WhiteElo "2696"]
[BlackElo "2588"]
[PlyCount "124"]
[EventDate "2025.02.13"]
[EventType "swiss"]
[EventCountry "NET"]

1. e4 c5 2. Nf3 d6 3. d4 cxd4 4. Nxd4 Nf6 5. Nc3 a6 6. a3 Nc6 7. Be3 Ng4 8. Nxc6 bxc6 9. Bc1 Qb6 10. Qf3 g6 11. Qg3 Bg7 12. h3 Nf6 13. Be2 O-O 14. O-O d5 15. e5 Nd7 16. Bf4 e6 17. Rfe1 a5 18. b3 Ba6 19. Na4 Qc7 20. Bxa6 Rxa6 21. h4 c5 22. h5 c4 23. Rad1 Rc6 24. b4 axb4 25. axb4 Ra6 26. Nc3 Qb7 27. Rb1 Rfa8 28. Ne2 Ra3 29. c3 Rb3 30. Rbc1 Raa3 31. Nd4 Rxb4 32. Qh4 Rb2 33. Qd8+ Nf8 34. h6 Ra8 35. Qh4 Bh8 36. Ra1 Rxa1 37. Rxa1 Rb1+ 38. Rxb1 Qxb1+ 39. Kh2 Qb7 40. Qd8 Qd7 41. Qb8 f6 42. Nf3 g5 43. exf6 Bxf6 44. Be5 Be7 45. g3 Qd8 46. Qb7 Ng6 47. Bd4 Qf8 48. Kg2 Qxh6 49. Ne5 Qf8 50. Nxg6 hxg6 51. Qd7 Kf7 52. g4 Qd8 53. Qb7 Qd6 54. Qa8 e5 55. Be3 d4 56. Bd2 Qd7 57. Qe4 Bf6 58. Kf1 Qe6 59. f3 Qd7 60. Ke2 Kg7 61. Be1 d3+ 62. Kd1 Qa4+ 0-1

[Event "CCT Chessable Masters Play-In 2025"]
[Site "Online"]
[Date "2025.02.17"]
[Round "9.21"]
[White "Henriquez Villagra, Cristobal"]
[Black "Ivic, Velimir"]
[Result "0-1"]
[WhiteElo "2597"]
[BlackElo "2622"]
[PlyCount "106"]
[EventDate "2025.02.13"]
[EventType "swiss"]
[EventCountry "NET"]

1. d4 Nf6 2. Nf3 g6 3. Nbd2 c5 4. dxc5 Qa5 5. a3 Qxc5 6. b4 Qc7 7. Bb2 Bg7 8. e3 O-O 9. c4 d6 10. Be2 b6 11. O-O Bb7 12. Rc1 Nbd7 13. Qb3 a6 14. Rfd1 Rac8 15. Nd4 Qb8 16. Bf3 Rc7 17. Ne2 Rfc8 18. Nf4 b5 19. Nd5 Nxd5 20. cxd5 Rxc1 21. Rxc1 Rxc1+ 22. Bxc1 Qc7 23. Bb2 Bxb2 24. Qxb2 Nb6 25. e4 Na4 26. Qd4 Qc1+ 27. Nf1 Bc8 28. Qa7 Kf8 29. Qb8 Kg7 30. h3 Nb2 31. e5 Bf5 32. exd6 exd6 33. Qxd6 Nc4 34. Qc5 Qb2 35. Ne3 Qa1+ 36. Kh2 Qe5+ 37. g3 Nd6 38. Ng4 Bxg4 39. hxg4 Nc4 40. Kg2 Qf6 41. Be2 Nd6 42. Qc6 Qe5 43. Bf3 Nc4 44. a4 Qe1 45. d6 Qd2 46. Qc5 Nxd6 47. axb5 axb5 48. Bd5 Ne8 49. Qxb5 Nc7 50. Qc5 Qxd5+ 51. Qxd5 Nxd5 52. b5 Kf6 53. Kf3 Ke5 0-1

[Event "CCT Chessable Masters Play-In 2025"]
[Site "Online"]
[Date "2025.02.17"]
[Round "9.22"]
[White "Lobanov, Sergei"]
[Black "Paravyan, David"]
[Result "1/2-1/2"]
[WhiteElo "2508"]
[BlackElo "2621"]
[PlyCount "112"]
[EventDate "2025.02.13"]
[EventType "swiss"]
[EventCountry "NET"]

1. d4 d5 2. c4 dxc4 3. Nf3 Nf6 4. e3 e6 5. Bxc4 c5 6. O-O Nc6 7. Qe2 a6 8. Rd1 b5 9. Bd3 c4 10. Bc2 Nb4 11. a4 Bb7 12. Nc3 Nxc2 13. Qxc2 b4 14. Ne2 Rc8 15. Ng3 h5 16. h3 Qd5 17. Re1 Ne4 18. Nxe4 Qxe4 19. Qxe4 Bxe4 20. Bd2 a5 21. Rec1 f6 22. Ne1 Bd5 23. f3 f5 24. Nd3 Bd6 25. Nf2 Bg3 26. Nh1 Bh4 27. Be1 Bg5 28. Bd2 Bh4 29. Kf1 Kd7 30. Ke2 c3 31. bxc3 Bc4+ 32. Kd1 b3 33. Rcb1 Rb8 34. Rb2 Kc6 35. Be1 Bg5 36. Kd2 e5 37. Nf2 Rhd8 38. Nd1 f4 39. Bf2 exd4 40. cxd4 fxe3+ 41. Bxe3 Bf6 42. Rc1 Rb4 43. Nc3 Bxd4 44. Bxd4 Rxd4+ 45. Ke3 Rd3+ 46. Kf2 Kc5 47. h4 g6 48. Kg3 Rxc3 49. Rxc3 Kd4 50. Rc1 Rxa4 51. Rd2+ Kc5 52. Rd8 Rb4 53. Rc8+ Kd4 54. Rd8+ Kc5 55. Rc8+ Kd4 56. Rd8+ Kc5 1/2-1/2

[Event "CCT Chessable Masters Play-In 2025"]
[Site "Online"]
[Date "2025.02.17"]
[Round "9.23"]
[White "Pranav, V."]
[Black "Tari, Aryan"]
[Result "0-1"]
[WhiteElo "2615"]
[BlackElo "2621"]
[PlyCount "110"]
[EventDate "2025.02.13"]
[EventType "swiss"]
[EventCountry "NET"]

1. d4 d5 2. Nf3 Nf6 3. Bg5 h6 4. Bxf6 exf6 5. e3 Bd6 6. c4 dxc4 7. Bxc4 O-O 8. Qc2 Qe7 9. Nc3 c6 10. O-O Nd7 11. Rfe1 Nb6 12. Bb3 Be6 13. e4 Rfe8 14. h3 Qd7 15. Rad1 Rad8 16. Qc1 Bxb3 17. axb3 f5 18. Ne5 Qe6 19. Nc4 fxe4 20. Rxe4 Qg6 21. Rg4 Qf5 22. Ne3 Qh7 23. Nc4 h5 24. Rg5 Nxc4 25. bxc4 f6 26. Ra5 a6 27. c5 Bc7 28. Ra3 Qf5 29. Rb3 Rd7 30. Qd2 Bf4 31. g4 hxg4 32. Qd3 Re1+ 33. Kg2 gxh3+ 34. Qxh3 Qxh3+ 35. Kxh3 Rxd1 36. Nxd1 Rxd4 37. Nc3 Rd7 38. Ne4 Kf7 39. Kg4 Bb8 40. f4 Ke6 41. Kf3 g6 42. Re3 Rd4 43. Nc3+ Kf7 44. Ne4 Bxf4 45. Rb3 Be5 46. Rxb7+ Ke6 47. Rb6 Kd5 48. Nc3+ Kxc5 49. Rxa6 Rb4 50. Ne4+ Kd5 51. Ra5+ Kd4 52. Nc5 Rxb2 53. Ne6+ Kd3 54. Rc5 Rc2 55. Ra5 Rc3 0-1

[Event "CCT Chessable Masters Play-In 2025"]
[Site "Online"]
[Date "2025.02.17"]
[Round "9.24"]
[White "Mikaelyan, Arman"]
[Black "Hakobyan, Aram"]
[Result "0-1"]
[WhiteElo "2497"]
[BlackElo "2635"]
[PlyCount "92"]
[EventDate "2025.02.13"]
[EventType "swiss"]
[EventCountry "NET"]

1. e4 c6 2. d4 d5 3. exd5 cxd5 4. c4 Nf6 5. Nc3 e6 6. Nf3 Bb4 7. cxd5 Nxd5 8. Bd2 Nf6 9. Bd3 Nc6 10. O-O O-O 11. Bg5 Be7 12. a3 h6 13. Bf4 Bd6 14. Be5 Ng4 15. Re1 Ngxe5 16. dxe5 Be7 17. Qe2 a6 18. Qe4 g6 19. h4 h5 20. Rad1 Kg7 21. Qf4 Qb6 22. Ne4 Qxb2 23. Ng3 Qxa3 24. Re3 Qb4 25. Re4 Qb3 26. Rd2 Qc3 27. Ng5 Qc1+ 28. Kh2 Bd7 29. Rc4 Qa1 30. Nf3 Be8 31. Nxh5+ gxh5 32. Qg3+ Kh8 33. Qf4 Kg7 34. Qg3+ Kh8 35. Qf4 f5 36. Qh6+ Kg8 37. Qxe6+ Rf7 38. Bxf5 Nd8 39. Rxd8 Rxd8 40. Rc7 Qa4 41. Rxe7 Qf4+ 42. g3 Qxf5 43. Rxe8+ Rxe8 44. Qxe8+ Rf8 45. Qe7 Qxf3 46. Qg5+ Kh7 0-1

[Event "CCT Chessable Masters Play-In 2025"]
[Site "Online"]
[Date "2025.02.17"]
[Round "9.25"]
[White "Atabayev, Saparmyrat"]
[Black "Robson, Ray"]
[Result "0-1"]
[WhiteElo "2516"]
[BlackElo "2689"]
[PlyCount "112"]
[EventDate "2025.02.13"]
[EventType "swiss"]
[EventCountry "NET"]

1. e4 c5 2. Nf3 d6 3. d4 cxd4 4. Nxd4 Nf6 5. Nc3 a6 6. Bg5 e6 7. f4 Qb6 8. Qd2 Qxb2 9. Rb1 Qa3 10. e5 h6 11. Bh4 dxe5 12. fxe5 g5 13. exf6 gxh4 14. Be2 Nd7 15. O-O Qa5 16. Kh1 Qg5 17. Qd3 Nxf6 18. Qf3 Rg8 19. Rbd1 Rg7 20. Ne4 Nxe4 21. Qxe4 Be7 22. Nc6 f5 23. Qf3 Bf6 24. Nd4 e5 25. Nb3 e4 26. Qf2 f4 27. Rg1 Bd7 28. Qb6 Bc6 29. Na5 Bd8 30. Rxd8+ Qxd8 31. Bh5+ Kf8 32. Qc5+ Kg8 33. Nxc6 bxc6 34. Qxc6 e3 35. Bf3 Rc8 36. Bd5+ Kf8 37. Qxa6 Rxc2 38. Qa3+ Re7 39. Qd3 Rc5 40. Qf5+ Kg7 41. Qg4+ Kh8 42. Bf3 Qd6 43. Qxh4 e2 44. Re1 Rc2 45. h3 Rxa2 46. Kh2 Rd2 47. Ra1 Rd1 48. Ra8+ Kh7 49. Be4+ Rxe4 50. Ra7+ Qd7 51. Rxd7+ Rxd7 52. Qg4 Rd5 53. Qc8 e1=Q 54. Qb7+ Re7 55. Qxd5 Qg3+ 56. Kg1 Re1# 0-1